|
|
|
|
| LEADER |
00000nam a2200000 a 4500 |
| 001 |
vtls011541765 |
| 003 |
SK-MaSNL |
| 005 |
20260301180448.0 |
| 008 |
251112s1585 it a 001 0 lat |
| 015 |
|
|
|a SNBHFA1585
|
| 020 |
|
|
|q (viaz.)
|
| 035 |
|
|
|a AE86A360-89AF-44C2-A03C-B48AB1716B2C
|
| 035 |
|
|
|a urn:nbn:sk:snk-amtfsb
|
| 035 |
|
|
|a urn:nbn:sk:snk-am00cae9
|
| 040 |
|
|
|a SNKHF
|b slo
|c HKF
|e AACR2
|
| 041 |
0 |
|
|a lat
|
| 044 |
|
|
|a it
|c IT
|
| 072 |
|
7 |
|a 511.1
|x Aritmetika
|2 konspekt
|
| 080 |
|
|
|a 511.1
|2 2011
|
| 080 |
|
|
|a (450)
|2 2011
|
| 080 |
|
|
|a 133.52
|2 2011
|
| 100 |
1 |
|
|a Clavius, Christophorus,
|d 1538-1612
|4 aut
|9 551768
|
| 245 |
1 |
0 |
|a Christophori Clavii Bambergensis e Societate Iesv epitome arithmeticæ practicæ nunc denuo ab ipso auctore recognita
|
| 260 |
|
|
|a Romæ
|b Ex typographia Dominici Basæ
|c 1585
|
| 300 |
|
|
|a 323, [13] s.
|b ilustrácie
|c 4°
|c 18 cm
|
| 500 |
|
|
|a Drevorezná ilustrácia na titulnom liste,ozdobné iniciálky na 6 riadkov
|
| 504 |
|
|
|a Index na konci knihy, tlačené marginálie v latinskom jazyku
|
| 510 |
4 |
|
|a VD 16
|
| 546 |
|
|
|a Latinčina
|b Fraktura
|
| 561 |
|
|
|a Exemplár z Lontovskej knižnice.
|5 SNK ID 99294
|
| 563 |
|
|
|a Väzba: Svetložltá hladká pergamenová , dve kovové spony
|5 SNK ID 99294
|
| 650 |
0 |
7 |
|a aritmetika
|2 SNKPH
|9 734
|
| 650 |
0 |
7 |
|a astrológia
|2 SNKPH
|9 2077
|
| 651 |
|
7 |
|a Taliansko
|2 SNKPH
|9 21019
|
| 700 |
1 |
|
|a Basa, Domenico,
|d 16. storočie
|4 prt
|9 126575
|
| 710 |
2 |
|
|a Lontovska knižnica (Lontov, Slovensko)
|4 fmo
|9 341279
|
| 710 |
0 |
|
|a Basa, Domenico (Rím, Taliansko),
|d 1575-1596
|4 prt
|9 54134
|
| 752 |
|
|
|a Taliansko
|d Rím
|
| 852 |
|
|
|a snk
|b Lontovská knižnica
|p ID 99294
|
| 958 |
|
|
|a ONDV
|
| 999 |
|
|
|c 846331
|d 848261
|
| 952 |
|
|
|t AL 17766
|a SNK
|b SNK
|c SNK_HF
|y PREZ
|7 0
|p 17A1128516
|o snkID 99294
|i snk2016/7975
|8 5
|0 0
|1 0
|4 0
|d 2016-03-23
|f 1
|l 0
|r 2026-02-24 04:26:56
|w 2026-02-24
|